000 00687nam a22002537a 4500
003 UA-OsUOA
001 27354
007 ta
008 20040625b un ||||| |||| 00| 0 ukr d
100 _aЧеркасов Игорь
090 _a796.332
_bЧ-48
942 _cBK
040 _aUA-OsUOA
_brus
_cUA-OsUOA
_dUA-OsUOA
245 _aСтраницы жизни Главного Тренера
_bЛичные впечатления бывшего офицера КГБ СССР
300 _a87 с.
955 _a0
041 _arus
080 _a796.332
020 _a966-581-435-4
260 _aКиев
_bЛогос
_c2003
044 _aUA
650 7 _2UDC
999 _c313698
_d313698